| 000 | 00903nam a2200277 4500 | ||
|---|---|---|---|
| 003 | OSt | ||
| 005 | 20260530113915.0 | ||
| 008 | 260508b1984 mx a|||| |||| 001 0 spa d | ||
| 040 |
_aICI _bspa _cICI _erda |
||
| 050 |
_aBH39 _b.E58 |
||
| 100 |
_aRodriguez de Longoria, Josefina, _eautor _934027 |
||
| 245 |
_aEntre lo sensible y lo sagrado / _cJosefina Rodríguez de Longoria |
||
| 264 |
_aMéxico : _bInstituto Mexicano Británico de Monterrey, _c1984 |
||
| 300 |
_a154 páginas : _bilustraciones |
||
| 336 |
_2rdacontent _atexto |
||
| 337 |
_2rdamedia _asin medio |
||
| 338 |
_2rdacarrier _avolumen |
||
| 500 | _aIncluye referencias bibliográficas | ||
| 650 | 4 |
_aEstética _97755 |
|
| 650 | 4 |
_aArte y religión _913237 |
|
| 650 | 4 |
_aFilosofía contemporánea _934028 |
|
| 650 | 4 |
_aExperiencia religiosa _934029 |
|
| 650 | 4 |
_aPercepción _934030 |
|
| 650 | 4 |
_aSimbolismo _915011 |
|
| 942 |
_2lcc _n1 _cBK |
||
| 999 |
_c12275 _d12275 |
||